000 00906nam a22002297a 4500
005 20220504103457.0
008 220504s2016 enka|||gr|||| 00| 0 eng d
020 _a9781785480461
040 _aCO-BoUCM
_bspa
_cDeissy Garcia
_dDeissy Garcia
041 0 _aeng
100 1 _9174531
_aMishura, Yuliya
245 1 0 _aFinancial mathematics
_cYuliya Mishura ; coordinado por Nikolaos Limnios
260 _aLondres
_bISTE Press/Elsevier
_c2016
300 _axiv, 179 páginas
_bilustraciones
500 _aBibliografía Básica - Escuela de Administración - Pregrado en Administración de Negocios Internacionales
504 _aIncluye referencias bibliográficas e índices
650 7 _913703
_aEconomía matemática
650 7 _919038
_aMatemáticas financieras
700 1 _9174532
_aLimnios, Nikolaos
942 _2DEWEY
_a16
_cLIBRO
_e1
_h658.1513
_mM678f
_n0
999 _c321078
_d321078